00528nam a22002177a 4500003000500000005001700005008004100022010001000063011001000073035001000083040000900093082001400102110000800116245007200124260002300196300001000219490002400229650001400253700001900267830002400286CHAP20220817042216.0971013s1957 r 00010 d a37667 a38639 a42759 cCHAP a676.4bF3 aFAO aInforme al gobierno de México sobre investigaciones celulósicas aRoma :bFAO,c1957 a28 p. aFAO. Informev; 55614aCelulosa.0 aHoglund, T. E.0 aFAO. Informev; 556